| 000 | 00493nam a2200181Ia 4500 | ||
|---|---|---|---|
| 003 | GCL | ||
| 008 | 140319s9999 xx 000 0 eng d | ||
| 040 |
_aGCL / _cGCL |
||
| 082 | 0 | 4 |
_a621.3815 _bG F |
| 100 | 1 | _aGUPTA. B.R | |
| 245 | 1 | 0 |
_aFUNDAMENTALS OF ELECTRIC CIRCUITS / _cGUPTA. B.R |
| 260 |
_a[S.N] : _bS. CHAND & COMPANY LTD ، _c1988 |
||
| 300 | _a573 | ||
| 650 | 0 | 4 | _aالتحليل الرياضى |
| 650 | 0 | 4 | _aELECTRIC CIRCUIT |
| 650 | 0 | 4 | _aELECTRIC ENGINEERING |
| 942 |
_2ddc _cBK |
||
| 999 |
_c19793 _d19793 |
||